Digital evidence and electronic signature law review (Registro nro. 160466)
[ vista simple ]
| 000 -LEADER | |
|---|---|
| fixed length control field | 01319ny a22003133n 4500 |
| 007 - PHYSICAL DESCRIPTION FIXED FIELD--GENERAL INFORMATION | |
| fixed length control field | ta |
| 008 - FIXED-LENGTH DATA ELEMENTS--GENERAL INFORMATION | |
| fixed length control field | 071206c20089999enkar p 0 a0eng |
| 022 0# - | |
| -- | 1756-4611 |
| 035 ## - | |
| -- | 2640 |
| 040 ## - CATALOGING SOURCE | |
| Original cataloging agency | Uk |
| Transcribing agency | Uk |
| Modifying agency | vLex |
| 082 04 - | |
| -- | 347.06 |
| -- | 22 |
| 090 ## - | |
| -- | 2026 |
| -- | 2026 |
| 245 00 - TITLE STATEMENT | |
| Title | Digital evidence and electronic signature law review |
| Medium | [Recurso electrónico] |
| 256 ## - | |
| -- | Servicio en línea |
| 260 ## - PUBLICATION, DISTRIBUTION, ETC. (IMPRINT) | |
| Place of publication, distribution, etc | Biggleswade : |
| Name of publisher, distributor, etc | Pario Communications |
| 310 ## - | |
| -- | Anual |
| 506 1# - RESTRICTIONS ON ACCESS NOTE | |
| Terms governing access | Contenido solo disponible en los productos indicados |
| Authorized users | vLex Global |
| -- | vLex Global (Academic Edition, excluding Law Schools) |
| -- | vLex Global (U.S. Academic Edition, Law Schools) |
| -- | vLex Global (U.S. Academic Edition, excluding Law Schools) |
| -- | vLex Global (Academic Edition, Law Schools) |
| 650 04 - SUBJECT ADDED ENTRY--TOPICAL TERM | |
| Topical term or geographic name as entry element | Delitos informáticos |
| General subdivision | Publicaciones periódicas |
| 650 04 - SUBJECT ADDED ENTRY--TOPICAL TERM | |
| Topical term or geographic name as entry element | Firma electrónica |
| General subdivision | Publicaciones periódicas |
| 650 04 - SUBJECT ADDED ENTRY--TOPICAL TERM | |
| Topical term or geographic name as entry element | Gestión electrónica de documentos |
| General subdivision | Ley y legislación |
| -- | Publicaciones periódicas |
| 650 04 - SUBJECT ADDED ENTRY--TOPICAL TERM | |
| Topical term or geographic name as entry element | Prueba (Derecho) |
| General subdivision | Publicaciones periódicas |
| 740 0# - | |
| -- | vLex Revista (Servicios en línea) |
| 780 00 - | |
| -- | Digital evidence journal |
| -- | 1750-7200 |
| 843 ## - | |
| -- | Electrónica. Abierta |
| 853 ## - | |
| -- | 1 |
| -- | (year) |
| -- | (month) |
| -- | (day) |
| 856 40 - LOCALIZACIÓN Y ACCESO ELECTRÓNICO | |
| Identificador Uniforme del Recurso (URI/URL) | https://app.vlex.com/#/sources/2640 |
| 942 ## - | |
| -- | RAA |
| 999 ## - | |
| -- | 160466 |
| -- | 160466 |
No hay ítems disponibles.